Making competition work for you (Record no. 106462)
[ view plain ]
| 000 -LEADER | |
|---|---|
| fixed length control field | 01674cam a2200241 4500 |
| 001 - CONTROL NUMBER | |
| control field | ##L136656 |
| 008 - FIXED-LENGTH DATA ELEMENTS--GENERAL INFORMATION | |
| fixed length control field | 070213n2006 000 0 eng u |
| 035 ## - SYSTEM CONTROL NUMBER | |
| System control number | (Sirsi) u136656 |
| 041 #0 - LANGUAGE CODE | |
| Language code of text/sound track or separate title | eng |
| 050 04 - LIBRARY OF CONGRESS CALL NUMBER | |
| Classification number | 692.8 $2 18 |
| 110 1# - MAIN ENTRY--CORPORATE NAME | |
| Corporate name or jurisdiction name as entry element | United Kingdom |
| Subordinate unit | Office of Fair Trading |
| 9 (RLIN) | 4767 |
| 245 00 - TITLE STATEMENT | |
| Title | Making competition work for you |
| Remainder of title | a guide for public sector procurers of construction |
| Medium | [electronic resource] |
| 260 ## - PUBLICATION, DISTRIBUTION, ETC. | |
| Place of publication, distribution, etc. | London |
| Name of publisher, distributor, etc. | OCG |
| Date of publication, distribution, etc. | 2006 |
| 505 1# - FORMATTED CONTENTS NOTE | |
| Formatted contents note | Making sure you have enough credible suppliers -- Capitalising on European Union procurement arrangements -- Aggregating contracts -- Working strategically with other public sector procurers -- Defining your requirements clearly -- Choosing your selection criteria -- Incentivising, measuring and rewarding good performance -- Managing the supply chain -- Mitigating the risks of anti-competitive behaviour |
| 520 ## - SUMMARY, ETC. | |
| Summary, etc. | Aims to promote best practice among organisations responsible for the procurement of public construction projects and to encourage effective competition. Focusing on the different stages of the procurement process, the guide advises on practical steps to take, pitfalls to avoid, and risks to mitigate in order to make competition work to achieve value for money. Includes a section on how to avoid being the victim of bid rigging or price fixing cartels. |
| 590 ## - LOCAL NOTE (RLIN) | |
| Local note | KA |
| 651 #4 - SUBJECT ADDED ENTRY--GEOGRAPHIC NAME | |
| Geographic name | United Kingdom |
| Chronological subdivision | |
| 690 ## - LOCAL SUBJECT ADDED ENTRY--TOPICAL TERM (OCLC, RLIN) | |
| Topical term or geographic name as entry element | Procurement |
| 9 (RLIN) | 6260 |
| 710 1# - ADDED ENTRY--CORPORATE NAME | |
| Corporate name or jurisdiction name as entry element | United Kingdom |
| Subordinate unit | Office of Government Commerce |
| 9 (RLIN) | 5119 |
| 710 2# - ADDED ENTRY--CORPORATE NAME | |
| Corporate name or jurisdiction name as entry element | PriceWaterhouseCoopers |
| 9 (RLIN) | 3793 |
| 856 40 - ELECTRONIC LOCATION AND ACCESS | |
| Uniform Resource Identifier | <a href="https://www.oft.gov.uk/Business/Market+studies/procurement.htm">https://www.oft.gov.uk/Business/Market+studies/procurement.htm</a> |
| Public note | View the guide free of charge at www.oft.gov.uk... |
| 942 ## - ADDED ENTRY ELEMENTS (KOHA) | |
| Suppress in OPAC | 0 |
| Withdrawn status | Lost status | Source of classification or shelving scheme | Damaged status | Not for loan | Home library | Current library | Shelving location | Date acquired | Total Checkouts | Full call number | Barcode | Date last seen | Copy number | Price effective from | Koha item type |
|---|---|---|---|---|---|---|---|---|---|---|---|---|---|---|---|
| Dewey Decimal Classification | Virtual | Virtual | Online | 13/02/2007 | ONLINE PUBLICATION | 136656-2001 | 06/08/2019 | 1 | 06/08/2019 | Book |